00481nam a22001697a 4500003000500000005001700005008004100022038001500063082001000078100001700088245008300105260003500188300003000223500001500253650002200268700002100290NUST20230126155429.0190703b ||||| |||| 00| 0 eng d aMr. Zahoor a150.1 aMedhet, Sara aDynamics of Coherent State Wave Packets in Gravitational Cavity cSara, Medhet aIslambad :bSNS - NUST,c2014. avi, 59 p. : ill. ;c30cm. aHardcover. aPhysics - M. Phil aDr. Shahid Iqbal